Makroekonomická analýza české ekonomiky (situace v polovině roku 1993)

Hospodársky vývoj ČR v 1. polroku 1993 - ovplyvnený rozpadom ČSFR. Vývoj hrubého domáceho produktu. Vonkajšie ekonomické vzťahy, obchodná bilancia, obchodné vzťahy so Slovenskom, konkurencieschopnosť českého vývozu. Fiškálna a menová politika. Vývoj investičnej aktivity, inflácie, miezd a miery neza...

Description complète

Enregistré dans:
Détails bibliographiques
Auteur principal: Hájek, Mojmír
Format: Chapitre de livre
Langue:tchèque
Sujets:
Tags: Ajouter un tag
Pas de tags, Soyez le premier à ajouter un tag!

MARC

LEADER 00000naa a2200000 4500
001 r015771
005 20221205090727.3
041 0 |a cze 
044 |a CZ 
245 1 0 |a Makroekonomická analýza české ekonomiky (situace v polovině roku 1993)  |c M. Hájek 
520 |a Hospodársky vývoj ČR v 1. polroku 1993 - ovplyvnený rozpadom ČSFR. Vývoj hrubého domáceho produktu. Vonkajšie ekonomické vzťahy, obchodná bilancia, obchodné vzťahy so Slovenskom, konkurencieschopnosť českého vývozu. Fiškálna a menová politika. Vývoj investičnej aktivity, inflácie, miezd a miery nezamestnanosti. Priemysel a jeho štrukturálne zmeny. 
610 2 0 |a makroekonomika 
610 2 0 |a analýza ekonomická 
610 2 0 |a hospodárstvo národné 
610 2 0 |a Česko 
610 2 0 |a 1993 
610 2 0 |a situácia hospodárska 
610 2 0 |a vývoj hospodársky 
610 2 0 |a produkt domáci hrubý 
610 2 0 |a vzťahy hospodárske vonkajšie 
610 2 0 |a Slovensko 
610 2 0 |a politika fiškálna 
610 2 0 |a politika menová 
610 2 0 |a rozpočet štátny 
610 2 0 |a investície 
610 2 0 |a inflácia 
610 2 0 |a mzdy 
610 2 0 |a ceny 
610 2 0 |a nezamestnanosť 
610 2 0 |a priemysel 
610 2 0 |a samostatnosť hospodárska 
100 1 |a Hájek, Mojmír